Tavşan ile kurbağalar (Record no. 4871)

000 -LEADER
fixed length control field 00905nmm a2200277 a 4500
001 - CONTROL NUMBER
control field ocm000702120
003 - CONTROL NUMBER IDENTIFIER
control field TR-IsHL
005 - DATE AND TIME OF LATEST TRANSACTION
control field 20201028132026.0
008 - FIXED-LENGTH DATA ELEMENTS--GENERAL INFORMATION
fixed length control field 131028s2007 tu tur
007 - PHYSICAL DESCRIPTION FIXED FIELD--GENERAL INFORMATION
fixed length control field cr cn
035 ## - SYSTEM CONTROL NUMBER
System control number 702120
-- (N$T)
050 04 - LIBRARY OF CONGRESS CALL NUMBER
Classification number PQ1811.T3
Item number F66 2007
090 04 - LOCALLY ASSIGNED LC-TYPE CALL NUMBER (OCLC); LOCAL CALL NUMBER (RLIN)
Classification number (OCLC) (R) ; Classification number, CALL (RLIN) (NR) PQ1811.T3
Local cutter number (OCLC) ; Book number/undivided call number, CALL (RLIN) F66 2007
100 1# - MAIN ENTRY--PERSONAL NAME
Personal name Fontaine, Jean De La
245 10 - TITLE STATEMENT
Title Tavşan ile kurbağalar
Medium [electronic resource] /
Statement of responsibility, etc. Jean De La Fontaine ; editör Derya Günay
250 ## - EDITION STATEMENT
Edition statement 1. bs.
260 ## - PUBLICATION, DISTRIBUTION, ETC.
Place of publication, distribution, etc. İstanbul :
Name of publisher, distributor, etc. Birleşik Yayın Grubu,
Date of publication, distribution, etc. 2007
300 ## - PHYSICAL DESCRIPTION
Extent 62 p.
650 #4 - SUBJECT ADDED ENTRY--TOPICAL TERM
Topical term or geographic name entry element Dil ve Edebiyat
650 #4 - SUBJECT ADDED ENTRY--TOPICAL TERM
Topical term or geographic name entry element Language and Literature
650 #0 - SUBJECT ADDED ENTRY--TOPICAL TERM
Topical term or geographic name entry element Fabller, Fransız
650 #0 - SUBJECT ADDED ENTRY--TOPICAL TERM
Topical term or geographic name entry element Fables, French
650 #7 - SUBJECT ADDED ENTRY--TOPICAL TERM
Topical term or geographic name entry element JUVENILE FICTION / Legends, Myths, Fables / General
Source of heading or term bisacsh
700 1# - ADDED ENTRY--PERSONAL NAME
Personal name Günay, Derya
856 40 - ELECTRONIC LOCATION AND ACCESS
Uniform Resource Identifier <a href="http://search.ebscohost.com/login.aspx?direct=true&scope=site&db=e011xww&AN=702120">http://search.ebscohost.com/login.aspx?direct=true&scope=site&db=e011xww&AN=702120</a>
Holdings
Withdrawn status Lost status Source of classification or shelving scheme Damaged status Not for loan Collection code Permanent Location Current Location Date acquired Total Checkouts Full call number Barcode Date last seen Price effective from Koha item type
        Online   Kıbrıs Amerikan Üniversitesi Kütüphanesi / American University of Cyprus Kıbrıs Amerikan Üniversitesi Kütüphanesi / American University of Cyprus 28.10.2020   PQ1811.T3 F66 2007 702120 28.10.2020 28.10.2020 E-Kitap
Devinim Yazılım Eğitim Danışmanlık tarafından Koha'nın orjinal sürümü uyarlanarak geliştirilip kurulmuştur.